Байрон (Запис номер 484593)
[ съкратено ]
| 000 -Лидер | |
|---|---|
| Контролно поле с фиксирана дължина | nam a22 a 4500 |
| 003 - Код на организацията, давaща контролен номер | |
| Контролно поле | BLK |
| 005 - Дата и час на последна редакция | |
| Контролно поле | 20221206163853.0 |
| 008 - Елементи от данни с фиксирана дължина | |
| fixed length control field | 221206b bul|||||r ||||||| ||bul|| |
| 010 ## - Наследен системен номер | |
| LC control number | KNG00214864000 |
| 040 ## - Източник на каталожния запис | |
| Идентификатор на билиотеката - собственик на записа | BLK |
| 041 ## - Код за език | |
| Код за езика на текст/звукозапис или на отделно заглавие | Български |
| Код за езика КДБФ | Български |
| 080 ## - УДК | |
| Текстов определител УДК | Английска литература |
| УДК код - определител по УДК | 821.111 |
| УДК определител | (092) |
| УДК - код + определител | 821.111(092) |
| 080 ## - УДК | |
| Текстов определител УДК | Британски поет-романтик |
| УДК код - определител по УДК | 929 Байрон, Джордж Гордън Ноуъл |
| УДК - код + определител | 929 Байрон, Джордж Гордън Ноуъл |
| 100 1# - Редна дума - Автор | |
| Автор | Мороа, Андре |
| Авторска отговорност | първи автор |
| Автор - информация (биография) | Ерцог, Емил |
| R(LIN) | 99185 |
| 139 ## - Редно поле | |
| Редна дума | Мороа, Андре |
| Авторски знак | Моро - М 90 |
| 245 10 - Сведения за заглавието | |
| Заглавие | Байрон |
| Подзаглавни данни | Биогр. |
| Редно поле (дума) | Андре Мороа; прев. от фр. Мария Дагорова. |
| 257 ## - Страна на издаване | |
| Страна на създаване/издаване | Франция |
| 260 ## - Област на издателските данни | |
| Място на издаване, разпространение и проч. | София |
| Име на издателя, разпространителя и проч. | Нар. култура |
| Година на издаване | 1980 |
| 9 (RLIN) | 209547 |
| Издателство - префикс ISBN | 954-04- |
| 300 ## - Физическа характеристика | |
| Страници | 412 с. |
| Илюстрации и др. | с ил., портр. |
| Размери/Мащаб | 22 см |
| 380 ## - Жанр | |
| Жанр | Литературознание |
| 490 ## - СЕРИИ (Колекции) | |
| 9 (RLIN) | 203252 |
| Име на серия | Библиотека Световни образи |
| 500 ## - Общи забележки | |
| Забележка | Ориг. загл. Byron / Andre Maurois. |
| 600 14 - Име на лице, използвано като предмет | |
| За него / За нея | Байрон, Джордж Гордън Ноуъл |
| 9 (RLIN) | 367011 |
| 650 #4 - Допълнително описание по предмет – тема | |
| Основно описание – тема или топоним | Байрон, Джордж Гордън Ноуъл |
| 9 (RLIN) | 367011 |
| 650 #4 - Допълнително описание по предмет – тема | |
| Основно описание – тема или топоним | Поети, английски |
| 9 (RLIN) | 256160 |
| 651 #4 - Допълнително описание по предмет - топоним | |
| Географско понятие | Великобритания |
| 9 (RLIN) | 178698 |
| 653 ## - Ключова дума – ненормативна | |
| Ключова дума | Джордж Байрон |
| 653 #7 - Ключова дума – ненормативна | |
| Ключова дума | английски поети |
| 9 (RLIN) | 180908 |
| 653 ## - Ключова дума – ненормативна | |
| Ключова дума | биографии |
| 700 1# - Други автори (авторска отговорност) | |
| Лично име | Дагорова, Мария |
| Автороска отговорност (Описва отношението между автора и произведението) | прев. от фр. |
| 9 (RLIN) | 57967 |
| 852 ## - Местоположение | |
| Форматна сигнатура | Цб 104930 |
| 856 4# - Електронен адрес и достъп | |
| Електронен формат | pdf - файл |
| Инструкция (цена за достъп) | 0.00 |
| Права за достъп | disable |
| 856 4# - Електронен адрес и достъп | |
| Електронен формат | pdf - файл |
| Инструкция (цена за достъп) | 0.00 |
| Права за достъп | disable |
| 999 ## - СИСТЕМНИ КОНТРОЛНИ НОМЕРА | |
| Koha biblionumber | 484593 |
| Koha biblioitemnumber | 484593 |
| 942 ## - АРТИКУЛИ | |
| Вид на библиотечния материал | Книги |
| Скрит в OPAC | Не |
| Периодичен библиозапис | Да |
| 944 ## - СЪЗДАВАНЕ И РЕДАКЦИЯ на ЗАПИСА | |
| Създаване/Редакция | Създаване |
| Дата на регистрацията/редакция | 2022-12-06 |
| Служител, извършил регистрацията/редакцията | ДГ |
| Код за отписване | Код за изгубен артикул | Източник на класификационната схема | Код за повреда | Коз за рестрикции | Код за отдаване | Артикулен № | Име на библиотеката - собственик | Име на библиотеката, в която се намира в момента | Статус (Текущо местоположение) | Дата на вписване в системата | Местоположение - отдел | Цена в лева | Инвентарен номер | Систематично азбучна сигнатура | Баркод | Цена в евро | Служебен тип на артикула |
|---|---|---|---|---|---|---|---|---|---|---|---|---|---|---|---|---|---|
| Не е изгубен | Universal Decimal Classification | Не е повреден | само за читалня | ползва се в читалня | 917530 | Регионална библиотека "Любен Каравелов" Русе | Регионална библиотека "Любен Каравелов" Русе | Хранилище | 2022-12-09 | Хранилище | 3.52 | 310425 | Цб 104930 | 120000310425 | 1.80 | Книги |